000 00508nam a2200181Ia 4500
008 240925s9999 xx 000 0 und d
020 _a70990735
082 _a621.3192 EDM
100 _aEdminister, Joseph A.
245 0 _aSchaum's Outline Series Theory and Problems of Electric Circuits
250 _a2nd
260 _aLake Forest:
_bMc Graw-Hill
_c,1983.
300 _axliv,1359p.
_bNA
_fPirated
500 _aIncludes Index
600 _aElectrical Engineering
650 _aTechnology
942 _cBK
999 _c6115
_d6115